Plant Biochemistry:An Introduction (Record no. 125804)

MARC details
000 -LEADER
fixed length control field 00414nam a2200133Ia 4500
008 - FIXED-LENGTH DATA ELEMENTS--GENERAL INFORMATION
fixed length control field 211122s9999||||xx |||||||||||||| ||und||
082 ## - DEWEY DECIMAL CLASSIFICATION NUMBER
Classification number 572.2
Item number DHA-P
100 ## - MAIN ENTRY--PERSONAL NAME
Personal name Dharmapalan, Biju
245 #0 - TITLE STATEMENT
Title Plant Biochemistry:An Introduction
260 ## - PUBLICATION, DISTRIBUTION, ETC.
Name of publisher, distributor, etc. Narosa Publishing House
Place of publication, distribution, etc. New Delhi
630 ## - SUBJECT ADDED ENTRY--UNIFORM TITLE
General subdivision General Stack
650 ## - SUBJECT ADDED ENTRY--TOPICAL TERM
Topical term or geographic name entry element Zoology
942 ## - ADDED ENTRY ELEMENTS (KOHA)
Koha item type BOOK
650 ## - SUBJECT ADDED ENTRY--TOPICAL TERM
Form subdivision NATURAL SCIENCE & MATHEMATICSLIFE SCIENCE; BIOLOGYBIOCHEMISTRY
Holdings
Withdrawn status Lost status Damaged status Not for loan Home library Current library Date acquired Total Checkouts Full call number Barcode Shelving location Date last seen Date last checked out Price effective from Koha item type
        SB LIBRARY SB LIBRARY 22/11/2021 8 572.2 DHA-P 00139475 GENERAL STACK 13/11/2023 11/10/2023 22/11/2021 BOOK

Powered by Koha